The new background of science / (Record no. 127397)

MARC details
000 -LEADER
fixed length control field 00669nam a22002417a 4500
005 - DATE AND TIME OF LATEST TRANSACTION
control field 20170124110024.0
010 ## - LIBRARY OF CONGRESS CONTROL NUMBER
LC control number 956745
020 ## - INTERNATIONAL STANDARD BOOK NUMBER
Terms of availability 00.00
035 ## - SYSTEM CONTROL NUMBER
System control number 956745
037 ## - SOURCE OF ACQUISITION
Source of stock number/acquisition Cen Lib/Ret
040 ## - CATALOGING SOURCE
Original cataloging agency DPL
Language of cataloging EN
082 ## - DEWEY DECIMAL CLASSIFICATION NUMBER
Classification number 530
Item number JEA
100 ## - MAIN ENTRY--PERSONAL NAME
Personal name Jeans, James
9 (RLIN) 20374
245 ## - TITLE STATEMENT
Title The new background of science /
Statement of responsibility, etc by James Jeans
250 ## - EDITION STATEMENT
Edition statement 2nd ed
260 ## - PUBLICATION, DISTRIBUTION, ETC. (IMPRINT)
Place of publication, distribution, etc Cambridge
Name of publisher, distributor, etc The University Press
Date of publication, distribution, etc 1934
270 ## - ADDRESS
City London
Address Bentley House
300 ## - PHYSICAL DESCRIPTION
Extent viii,312p.
Dimensions 18cm(Hb)
500 ## - GENERAL NOTE
General note Includes index<br/>
650 ## - SUBJECT ADDED ENTRY--TOPICAL TERM
Topical term or geographic name as entry element Physics--Philosophy
9 (RLIN) 20375
650 ## - SUBJECT ADDED ENTRY--TOPICAL TERM
Topical term or geographic name as entry element Relativity (Physics)--Philosophy
9 (RLIN) 20376
942 ## - ADDED ENTRY ELEMENTS (KOHA)
Source of classification or shelving scheme Dewey Decimal Classification
Koha item type English Books
Classification part 530
Call number suffix JEA
Holdings
Withdrawn status Lost status Damaged status Not for loan Home library Current library Date acquired Source of acquisition Cost, normal purchase price Total Checkouts Full call number Barcode Date last seen Copy number Cost, replacement price Price effective from Koha item type Public note
Written off       Central Library Central Library 29/06/2015 Cen Lib/Ret 0.00   530 JEA 956745 29/06/2015 1 0.00 29/06/2015 English Books Written off on approval by DLB (By Circulation); dtd 15-06-2023

© Delhi Public Library
Hit Counter
free hit counter